00298 2200145 4500245002700000250001100027100001000038650001600048650001400064005001900078260001800097041001400115084001400129336000900143 aScrapbookcAzzamhText aCet. 1 aAzzam aKarya Siswa aScrapbook a20250526105907 aJakartac2025 aIndonesia a081 AZZ s atext